जीवनदाता (Record no. 61004)

MARC details
000 -LEADER
fixed length control field 00559nam a2200181Ia 4500
008 - FIXED-LENGTH DATA ELEMENTS--GENERAL INFORMATION
fixed length control field 090123s9999 xx 000 0 und d
082 ## - DEWEY DECIMAL CLASSIFICATION NUMBER
Item number 22932
Classification number 891.463/चांदोर
100 ## - MAIN ENTRY--PERSONAL NAME
Personal name चांदोरकर निला
245 ## - TITLE STATEMENT
Title जीवनदाता
250 ## - EDITION STATEMENT
Edition statement 1
260 ## - PUBLICATION, DISTRIBUTION, ETC. (IMPRINT)
Name of publisher, distributor, etc आरती प्रकाशन
Date of publication, distribution, etc 1992
300 ## - PHYSICAL DESCRIPTION
Extent 219
600 ## - SUBJECT ADDED ENTRY--PERSONAL NAME
Personal name चांदोरकर निला
630 ## - SUBJECT ADDED ENTRY--UNIFORM TITLE
Uniform title जीवनदाता
700 ## - ADDED ENTRY--PERSONAL NAME
Personal name चांदोरकर निला
730 ## - ADDED ENTRY--UNIFORM TITLE
Uniform title जीवनदाता
942 ## - ADDED ENTRY ELEMENTS (KOHA)
Koha item type Book
Holdings
Withdrawn status Lost status Damaged status Not for loan Home library Current library Date acquired Cost, normal purchase price Total Checkouts Full call number Barcode Date last seen Cost, replacement price Price effective from Koha item type
        Jawahar Wachalanalaya, Kalwa Jawahar Wachalanalaya, Kalwa 03/31/2002 90.00   22932 KLW-22932 01/23/2009 90.00 01/23/2009 Book